000
00316nam a2200145Ia 4500
100
_a
Korth/ H.F./ Silberschatz/ A
250
_a
3
942
_c
BK
654
_a
Database
245
_a
Database Systems Concepts 3rd
260
_b
Mc Graw Hill
_a
New york
_c
1997
300
_a
821
546
_a
ENGLISH
999
_c
19486
_d
19486